Sychowicz, Krzysztof, 1969-. Ziemia Łomżyńska i jej mieszkańcy w latach 1944-1956 (czyli Jak to było naprawdę). - Łomża. - 2005 [Rezension]

Titel: Sychowicz, Krzysztof, 1969-. Ziemia Łomżyńska i jej mieszkańcy w latach 1944-1956 (czyli Jak to było naprawdę). - Łomża. - 2005 [Rezension]
Verfasser:
In: Studia Łomżyńskie, Band 17 (2006), Seite 404-406
alle Artikel anzeigen
Veröffentlicht: 2006
Format: Aufsatz
Sprache: Polnisch
Kein Bild verfügbar
X
alg: 39510974
001A    $01999:12-11-16 
001B    $01999:04-08-21 $t21:05:06.000 
001D    $01999:12-11-16 
001U    $0utf8 
001X    $00 
002@    $0Aox 
003@    $0395109744 
007A    $0395109744 $aHEB 
007T    $0Herda26641h 
010@    $apol 
011@    $a2006 
021A    $aSychowicz, Krzysztof, 1969-. Ziemia Łomżyńska i jej mieszkańcy w latach 1944-1956 (czyli Jak to było naprawdę). - Łomża. -  2005 [Rezension] 
028A    $aJemielity $dWitold 
031A    $d17 $h404-406 $j2006 
039B    $aIn $8--Abvc--. Studia Łomżyńskie. - Łomża : LTN, 1989-. - ISSN 0860-7249 $x200600000170000596 $922006993X 
039T    $8--Aax--Sychowicz, Krzysztof$Z1969- [Tp3]. Ziemia Łomżyńska i jej mieszkańcy w latach 1944-1956 (czyli Jak to było naprawdę). - Łomża, 2005 $9395640679 
045F    $a900.9438 $eDDC23BSB 
045F/01 $a900 
045F/03 $g438 

lok: 39510974 78

exp: 39510974 78 1 #EPN
201B/01 $018-11-16 $t13:46:29.000 
201U/01 $0utf8 
203@/01 $0791408388 
208@/01 $a12-11-16 $be 
209A/01 $a/ $f000 $x00 
220C/01 $aHerkunft: PBB/IH PAN 
244Z/01 $2Trx $#Poola $#Lenkija $#Polija $#Polen Land $#Poland $#Lengyelország $#Poľsko $#Polsko $8--Trx--Polska$gkraj $x01 $9391345966 
244Z/01 $2Trx $#arvustused $#recenzijos $#Reviews $#recenziók $#recenzje $#recenzie $#recenze $8--Trx--Rezensionen $x02 $9391357441 
247C/01 $82080>Marburg/Lahn, Herder-Institut, Forschungsbibliothek, Bibliographieportal $9336309341
LEADER 00000caa a22000002c 4500
001 395109744
003 DE-603
005 20210804210506.0
007 tu
008 161112s2006 xx |||| | u00||u|pol c
035 |a (DE-599)HEB395109744 
040 |a DE-603  |b ger  |c DE-603  |d DE-603 
041 |a pol 
082 0 4 |8 1\u  |a 900.9438  |q DE-101  |2 23/BSB 
085 |8 1\u  |b 900 
085 |8 1\u  |z 2  |s 438 
100 1 |a Jemielity, Witold 
245 0 0 |a Sychowicz, Krzysztof, 1969-. Ziemia Łomżyńska i jej mieszkańcy w latach 1944-1956 (czyli Jak to było naprawdę). - Łomża. - 2005 [Rezension] 
264 0 |c 2006 
773 0 8 |i In  |t Studia Łomżyńskie  |d Łomża : LTN, 1989-  |x 0860-7249  |g Band 17 (2006), Seite 404-406  |w (DE-603)22006993X  |w (DE-600)2535583-1 
787 0 8 |i Rezension von  |a Sychowicz, Krzysztof, 1969-  |t Ziemia Łomżyńska i jej mieszkańcy w latach 1944-1956 (czyli Jak to było naprawdę)  |d Łomża, 2005  |w (DE-603)395640679 
924 0 |9 2080  |a (DE-603)791408388  |b DE-2080  |c HES  |d d  |g /